[Event "La Meridiana op 2nd"]
[Site "Perugia"]
[Date "2012.11.10"]
[Round "3"]
[White "Naumkin, Igor"]
[Black "Tortolini, Francesco"]
[Result "1-0"]
[WhiteElo "2501"]
[BlackElo "1912"]
[PlyCount "93"]
[EventDate "2012.11.09"]
[EventType "swiss"]
[EventRounds "5"]
[EventCountry "ITA"]
[SourceTitle "EXT 2014"]
[Source "ChessBase"]
[SourceDate "2013.11.20"]
[SourceVersion "1"]
[SourceVersionDate "2013.11.20"]
[SourceQuality "1"]

1. d4 e6 2. c4 Nf6 3. Nf3 b6 4. g3 Bb7 5. Bg2 Bb4+ 6. Nbd2 0-0 7. 0-0 d6 8. a3 Bxd2 9. Qxd2 Nbd7 10. b3 Ne4 11. Qc2 f5 12. Bb2 Ndf6 13. Rad1 Qe8 14. d5 e5 15. Nh4 g6 16. f3 Nc5 17. b4 Ncd7 18. f4 exf4 19. gxf4 Qe3+ 20. Kh1 Rae8 21. Rd3 Qxe2 22. Qc3 Re7 23. Rg3 Kf7 24. Kg1 Ng4 25. Nf3 Qe3+ 26. Qxe3 Nxe3 27. Ng5+ Ke8 28. Rc1 Nxg2 29. Rxg2 Nf6 30. Rgc2 Ne4 31. Ne6 Rg8 32. h4 Bc8 33. Nd4 Bb7 34. Rg2 Kf7 35. Re1 Rge8 36. h5 Rg8 37. hxg6+ Rxg6 38. Nxf5 Rxg2+ 39. Kxg2 Re8 40. Ng7 Re7 41. Ne6 Nd2 42. Nd8+ Ke8 43. Rxe7+ Kxd8 44. Bf6 Nxc4 45. Rxh7+ Kc8 46. Rh8+ Kd7 47. Rd8# 1-0

[Event "ITA-ch C"]
[Site "Civitanova Marche"]
[Date "2012.07.18"]
[Round "4"]
[White "Gorgoglione, Enrico"]
[Black "Tortolini, Francesco"]
[Result "1-0"]
[WhiteElo "1956"]
[BlackElo "1895"]
[PlyCount "101"]
[EventDate "2012.07.15"]
[EventType "swiss"]
[EventRounds "8"]
[EventCountry "ITA"]
[SourceTitle "EXT 2023"]
[Source "ChessBase"]
[SourceDate "2022.10.05"]
[SourceVersion "1"]
[SourceVersionDate "2022.10.05"]
[SourceQuality "1"]

1. e4 c6 2. d4 d5 3. e5 Bf5 4. g4 Bg6 5. Bd3 e6 6. h4 Nd7 7. Nf3 Be7 8. Be3 Qb6 9. b3 0-0-0 10. h5 Bxd3 11. Qxd3 f6 12. Nbd2 c5 13. c3 Kb8 14. Bf4 Ka8 15. a4 Nh6 16. exf6 c4 17. bxc4 Nxf6 18. c5 Bxc5 19. dxc5 Qxc5 20. Be3 d4 21. cxd4 Nhxg4 22. dxc5 Rxd3 23. Ke2 Rhd8 24. Nc4 Nxe3 25. Nxe3 Ne4 26. Rhg1 g6 27. hxg6 hxg6 28. Rxg6 Nxc5 29. Rc1 Nxa4 30. Rxe6 Nc3+ 31. Kf1 Nb5 32. Ne1 R3d7 33. Rd1 a5 34. Ra1 Nd4 35. Rxa5+ Kb8 36. Rg6 Rh8 37. Rd5 Rxd5 38. Nxd5 Rh1+ 39. Rg1 Rh5 40. Nf4 Rf5 41. Rg4 b5 42. Ned3 Kb7 43. Nb4 Kb6 44. Nfd3 Nf3 45. Rg6+ Kb7 46. Ke2 Ng5 47. f4 Ne4 48. Ke3 Nf6 49. Kf3 Kc7 50. Rxf6 Rxf6 51. Nd5+ 1-0

[Event "Porto San Giorgio op 23rd"]
[Site "Porto San Giorgio"]
[Date "2011.08.27"]
[Round "8"]
[White "Ramundi, Lorenzo"]
[Black "Tortolini, Francesco"]
[Result "0-1"]
[WhiteElo "1617"]
[BlackElo "1918"]
[PlyCount "60"]
[EventDate "2011.08.21"]
[EventType "swiss"]
[EventRounds "9"]
[EventCountry "ITA"]
[SourceTitle "CBM 144 Extra"]
[Source "ChessBase"]
[SourceDate "2011.10.28"]
[SourceVersion "1"]
[SourceVersionDate "2011.10.28"]
[SourceQuality "1"]

1. e4 d5 2. exd5 Qxd5 3. Nc3 Qa5 4. d4 Nf6 5. Nf3 Bf5 6. Be2 e6 7. 0-0 Nbd7 8. Bd2 c6 9. Ne4 Qc7 10. Nxf6+ gxf6 11. Re1 Bd6 12. Bc3 0-0-0 13. Bd3 Bxd3 14. Qxd3 h5 15. h4 Rdg8 16. Re4 Rg6 17. Ne1 Rhg8 18. a4 f5 19. Re3 Rg4 20. Rh3 Be7 21. g3 f4 22. Qh7 fxg3 23. Qxh5 gxf2+ 24. Kxf2 Qf4+ 25. Ke2 Bxh4 26. Bd2 Qxd4 27. Qxf7 Bxe1 28. Kxe1 Rg1+ 29. Ke2 R1g2+ 30. Ke1 Qxd2+ 0-1

[Event "Porto San Giorgio op 23rd"]
[Site "Porto San Giorgio"]
[Date "2011.08.22"]
[Round "2"]
[White "Rinaudo, Sergio"]
[Black "Tortolini, Francesco"]
[Result "1-0"]
[WhiteElo "2144"]
[BlackElo "1918"]
[PlyCount "45"]
[EventDate "2011.08.21"]
[EventType "swiss"]
[EventRounds "9"]
[EventCountry "ITA"]
[SourceTitle "CBM 144 Extra"]
[Source "ChessBase"]
[SourceDate "2011.10.28"]
[SourceVersion "1"]
[SourceVersionDate "2011.10.28"]
[SourceQuality "1"]

1. d4 e6 2. Nf3 Nf6 3. c4 b6 4. e3 Bb7 5. Bd3 Bb4+ 6. Bd2 Bxd2+ 7. Nbxd2 d6 8. 0-0 Nbd7 9. Qc2 0-0 10. Rad1 Qe7 11. Rfe1 c5 12. Ng5 h6 13. Nge4 Nxe4 14. Bxe4 Bxe4 15. Nxe4 f5 16. Nc3 a6 17. Qa4 Rfc8 18. Rd2 b5 19. Nxb5 Nb6 20. Qd1 axb5 21. dxc5 dxc5 22. cxb5 Rxa2 23. Qb3 1-0

[Event "Porto San Giorgio op 23rd"]
[Site "Porto San Giorgio"]
[Date "2011.08.21"]
[Round "1"]
[White "Tortolini, Francesco"]
[Black "Esposito, Luca"]
[Result "1/2-1/2"]
[WhiteElo "1918"]
[BlackElo "2235"]
[PlyCount "110"]
[EventDate "2011.08.21"]
[EventType "swiss"]
[EventRounds "9"]
[EventCountry "ITA"]
[SourceTitle "CBM 144 Extra"]
[Source "ChessBase"]
[SourceDate "2011.10.28"]
[SourceVersion "1"]
[SourceVersionDate "2011.10.28"]
[SourceQuality "1"]

1. c4 Nf6 2. Nc3 e6 3. g3 d5 4. d4 Nc6 5. Bg2 Bb4 6. Bg5 0-0 7. Nf3 dxc4 8. 0-0 h6 9. Bxf6 Qxf6 10. a3 Be7 11. e3 Bd7 12. Qa4 a6 13. Qxc4 b5 14. Qd3 Rad8 15. Ne4 Qf5 16. Nc5 Bxc5 17. Qxf5 exf5 18. dxc5 Be6 19. Rfd1 Bb3 20. Rd2 g6 21. Rc1 Kg7 22. Rc3 Bd5 23. Rcd3 Bxf3 24. Rxd8 Rxd8 25. Rxd8 Nxd8 26. Bxf3 Kf6 27. b4 Ke6 28. Kf1 Kd7 29. Ke2 Nc6 30. Bxc6+ Kxc6 31. Kd3 Kd5 32. f3 g5 33. h4 f6 34. h5 c6 35. e4+ fxe4+ 36. fxe4+ Ke5 37. Ke3 f5 38. exf5 Kxf5 39. Kd3 Ke5 40. Ke3 Kd5 41. Kd3 a5 42. bxa5 Kxc5 43. Ke4 Kd6 44. a6 Kc7 45. Ke5 c5 46. Kd5 c4 47. Kd4 Kb6 48. Kc3 Kxa6 49. Kb4 g4 50. a4 bxa4 51. Kxa4 c3 52. Kb4 Kb6 53. Kxc3 Kc5 54. Kd3 Kd5 55. Ke3 Ke5 1/2-1/2

[Event "Assisi op-B 5th"]
[Site "Assisi"]
[Date "2010.12.18"]
[Round "3"]
[White "Tortolini, Francesco"]
[Black "Vincenzi, Marco"]
[Result "0-1"]
[WhiteElo "1914"]
[BlackElo "2097"]
[PlyCount "64"]
[EventDate "2010.12.17"]
[EventType "swiss"]
[EventRounds "5"]
[EventCountry "ITA"]
[SourceTitle "EXT 2024"]
[Source "ChessBase"]
[SourceDate "2023.10.10"]
[SourceVersion "1"]
[SourceVersionDate "2023.10.10"]
[SourceQuality "1"]

1. e4 e5 2. Nf3 Nc6 3. Bc4 Nf6 4. Ng5 d5 5. exd5 Na5 6. Bb5+ c6 7. dxc6 bxc6 8. Qf3 h6 9. Ne4 Nd5 10. Ba4 Be7 11. c3 Qc7 12. b4 Nb7 13. 0-0 0-0 14. d3 f5 15. Ng3 Be6 16. a3 Nd6 17. Qe2 Bf6 18. Nh5 Rae8 19. Nxf6+ Rxf6 20. Qxe5 Rg6 21. c4 Nb6 22. Bd1 Bd5 23. Qc3 Rxg2+ 24. Kh1 Ne4 25. Kxg2 Nxc3+ 26. cxd5 Nbxd5 27. Nxc3 Nxc3 28. Bb3+ Kh7 29. Bb2 Ne2 30. Rae1 Qf4 31. f3 Qd2 32. Bc1 Nxc1+ 0-1

[Event "Foligno op"]
[Site "Foligno"]
[Date "2010.06.06"]
[Round "5"]
[White "Tortolini, Francesco"]
[Black "Ognibene, Piero"]
[Result "0-1"]
[WhiteElo "1922"]
[BlackElo "1893"]
[PlyCount "63"]
[EventDate "2010.06.04"]
[EventType "swiss"]
[EventRounds "6"]
[EventCountry "ITA"]
[SourceTitle "CBM 136 Extra"]
[Source "ChessBase"]
[SourceDate "2010.07.02"]
[SourceVersion "2"]
[SourceVersionDate "2010.07.15"]
[SourceQuality "1"]

1. e4 e5 2. Nf3 Nc6 3. Bc4 Bc5 4. c3 Nf6 5. d4 exd4 6. cxd4 Bb4+ 7. Bd2 Nxe4 8. Bxb4 Nxb4 9. Bxf7+ Kxf7 10. Qb3+ d5 11. Ne5+ Ke6 12. Qxb4 c5 13. Qa4 Qb6 14. b3 cxd4 15. Nf3 d3 16. 0-0 Rd8 17. Nbd2 Bd7 18. Qa3 Kf7 19. Nxe4 dxe4 20. Ng5+ Kg8 21. Nxe4 Bc6 22. Nd2 Qd4 23. Qa5 Rd5 24. Qc7 Rg5 25. g3 Qd5 26. f3 Qd4+ 27. Kg2 Re5 28. Rae1 Re2+ 29. Kh1 Rae8 30. Ne4 Bxe4 31. fxe4 Qxe4+ 32. Kg1 0-1

[Event "Foligno op"]
[Site "Foligno"]
[Date "2010.06.04"]
[Round "1"]
[White "Tortolini, Francesco"]
[Black "Gennari, Dario"]
[Result "1-0"]
[WhiteElo "1922"]
[BlackElo "1836"]
[PlyCount "107"]
[EventDate "2010.06.04"]
[EventType "swiss"]
[EventRounds "6"]
[EventCountry "ITA"]
[SourceTitle "CBM 136 Extra"]
[Source "ChessBase"]
[SourceDate "2010.07.02"]
[SourceVersion "2"]
[SourceVersionDate "2010.07.15"]
[SourceQuality "1"]

1. e4 e6 2. d4 d5 3. e5 c5 4. c3 Qb6 5. a3 Nc6 6. Nf3 Nh6 7. b4 cxd4 8. cxd4 Bd7 9. Nc3 Rc8 10. Na4 Qc7 11. Bb2 Nxb4 12. axb4 Bxb4+ 13. Nd2 Qc2 14. Bc1 Qe4+ 15. Be2 Qxg2 16. Bf3 Qg6 17. Qb3 a5 18. Nc5 Nf5 19. Bb2 Qg5 20. Rd1 Qf4 21. Nxd7 Kxd7 22. Bxd5 Nxd4 23. Bxd4 Qxd4 24. Bxb7 Qxe5+ 25. Qe3 Qxe3+ 26. fxe3 Rc7 27. Ke2 Ke7 28. Kd3 Rc3+ 29. Ke4 Rb8 30. Ba6 Rd8 31. Nc4 f5+ 32. Kf3 Rxd1 33. Rxd1 Kf6 34. Nd6 Rc6 35. Ne8+ Ke7 36. Bb5 Rb6 37. Ba4 g6 38. Rd7+ Kf8 39. Rxh7 Be7 40. Nc7 Rb4 41. Nxe6+ Kg8 42. Rg7+ Kh8 43. Be8 Bf6 44. Rxg6 Be7 45. Bf7 Rh4 46. Rg8+ Kh7 47. Rg2 a4 48. Bg6+ Kh8 49. Bxf5 a3 50. Bb1 a2 51. Bxa2 Bd6 52. Nf4 Rh6 53. Bd5 Rf6 54. Rg4 1-0

[Event "Robecchetto op-B 20th"]
[Site "Robecchetto"]
[Date "2009.12.30"]
[Round "6"]
[White "Brioschi, Camillo"]
[Black "Tortolini, Francesco"]
[Result "0-1"]
[WhiteElo "1823"]
[BlackElo "1905"]
[PlyCount "95"]
[EventDate "2009.12.27"]
[EventType "swiss"]
[EventRounds "6"]
[EventCountry "ITA"]
[SourceTitle "EXT 2023"]
[Source "ChessBase"]
[SourceDate "2022.10.05"]
[SourceVersion "1"]
[SourceVersionDate "2022.10.05"]
[SourceQuality "1"]

1. d4 e6 2. c4 Nf6 3. Nc3 Bb4 4. e3 Ne4 5. Qc2 f5 6. a3 Bxc3+ 7. bxc3 b6 8. Nf3 Bb7 9. Be2 0-0 10. 0-0 d6 11. Nd2 Nd7 12. Nxe4 Bxe4 13. Bd3 Qh4 14. f3 Bxd3 15. Qxd3 Rf6 16. g3 Rg6 17. Rf2 Rf8 18. Rg2 Qh5 19. Qe2 e5 20. Bd2 e4 21. fxe4 Qxe2 22. Rxe2 fxe4 23. Rf2 Rxf2 24. Kxf2 Rf6+ 25. Kg2 h5 26. Rf1 Rxf1 27. Kxf1 g5 28. h3 g4 29. h4 Kf7 30. a4 c6 31. Bc1 a6 32. Ba3 Ke6 33. Ke2 c5 34. Kd2 d5 35. a5 cxd4 36. exd4 dxc4 37. Ke3 Kf5 38. d5 Ke5 39. axb6 Nxb6 40. d6 Nd5+ 41. Kd2 Ke6 42. Bc5 a5 43. Ba3 a4 44. Bc5 e3+ 45. Ke2 Kd7 46. Ba3 Nxc3+ 47. Kxe3 Nb5 48. Bb2 0-1

[Event "Robecchetto op-B 20th"]
[Site "Robecchetto"]
[Date "2009.12.28"]
[Round "3"]
[White "Tortolini, Francesco"]
[Black "Santelli, Francesco"]
[Result "1-0"]
[WhiteElo "1905"]
[BlackElo "1824"]
[PlyCount "67"]
[EventDate "2009.12.27"]
[EventType "swiss"]
[EventRounds "6"]
[EventCountry "ITA"]
[SourceTitle "EXT 2023"]
[Source "ChessBase"]
[SourceDate "2022.10.05"]
[SourceVersion "1"]
[SourceVersionDate "2022.10.05"]
[SourceQuality "1"]

1. e4 c5 2. Nf3 Nc6 3. d4 cxd4 4. Nxd4 e5 5. Nb5 d6 6. N1c3 a6 7. Na3 Nf6 8. Bg5 Be7 9. Bxf6 Bxf6 10. Nc4 Nd4 11. Nd5 b5 12. Ncb6 Rb8 13. c3 Rxb6 14. Nxb6 Qxb6 15. cxd4 exd4 16. Bd3 Be6 17. 0-0 0-0 18. Kh1 Rc8 19. f4 Rc5 20. Qf3 Qc7 21. a4 Qb7 22. axb5 axb5 23. Ra5 Bd8 24. Ra3 b4 25. Ra6 Rc6 26. e5 d5 27. Rxc6 Qxc6 28. f5 Bc8 29. e6 Bf6 30. exf7+ Kxf7 31. Qf4 Qe8 32. Qc7+ Qd7 33. Rc1 Qxc7 34. Rxc7+ 1-0

[Event "Umbria Regional-ch"]
[Site "Foligno"]
[Date "2009.06.05"]
[Round "2"]
[White "Tortolini, Francesco"]
[Black "Castrogiovanni, Carlo"]
[Result "1-0"]
[WhiteElo "1855"]
[BlackElo "2027"]
[PlyCount "98"]
[EventDate "2009.06.05"]
[EventType "swiss"]
[EventRounds "6"]
[EventCountry "ITA"]
[SourceTitle "EXT 2011"]
[Source "ChessBase"]
[SourceDate "2010.11.26"]
[SourceVersion "1"]
[SourceVersionDate "2010.11.26"]
[SourceQuality "1"]

1. e4 c5 2. Nf3 a6 3. d4 cxd4 4. Nxd4 Nf6 5. Nc3 e5 6. Nf3 Bb4 7. Bd3 d5 8. Bg5 0-0 9. 0-0 Bxc3 10. bxc3 dxe4 11. Bxf6 Qxf6 12. Bxe4 Nc6 13. Rb1 Qe7 14. Qe2 Re8 15. Rfe1 f6 16. Qd3 g5 17. Bd5+ Kh8 18. Nd4 Qd7 19. Qf3 Nxd4 20. Qxf6+ Qg7 21. Qxg7+ Kxg7 22. cxd4 Rb8 23. Rb6 Bf5 24. Rxe5 Bxc2 25. Rxg5+ Kh8 26. Re5 Rxe5 27. dxe5 Rd8 28. Rd6 Re8 29. f4 Re7 30. g4 a5 31. e6 Kg7 32. Rd7 Kf8 33. Rxe7 Kxe7 34. Bxb7 Kxe6 35. Kf2 a4 36. a3 Kd6 37. Ke3 Bd1 38. h3 h6 39. Kd4 Be2 40. Bc8 Bd1 41. h4 Bc2 42. g5 hxg5 43. hxg5 Bb1 44. Bg4 Bc2 45. f5 Bb3 46. Bf3 Bc2 47. Be4 Bb3 48. g6 Bd1 49. Bd5 Bb3 1-0